000 00406nam a22001217a 4500
008 140917b xxu||||| |||| 00| 0 eng d
050 _aKFM2430.1958.A4(index D-K)
245 _aMassachusetts General Laws Annotated:
_bGeneral index D-K. /
260 _aSt Paul:
_bWest Publishing Co.,
_c1975.
300 _avii,863p.:
_c24cm.
440 _pMassachusetts general laws annotated.
_vGeneral D-K.
942 _2lcc
_cBK
999 _c4924
_d12424